Cell polarity / (Record no. 69359)
[ view plain ]
| 000 -LEADER | |
|---|---|
| fixed length control field | 01135nam a2200313 a 4500 |
| 001 - CONTROL NUMBER | |
| control field | 69359 |
| 003 - CONTROL NUMBER IDENTIFIER | |
| rucl marc code | BD-RjUL |
| 005 - DATE AND TIME OF LATEST TRANSACTION | |
| control field | 20211209081857.0 |
| 008 - FIXED-LENGTH DATA ELEMENTS--GENERAL INFORMATION | |
| fixed length control field | 170411s2000 enka b 001 0 eng d |
| 020 ## - INTERNATIONAL STANDARD BOOK NUMBER | |
| International Standard Book Number | 0199638039 (hbk. : alk. paper) |
| International Standard Book Number | 0199638020 (pbk. : alk. paper) |
| 035 ## - SYSTEM CONTROL NUMBER | |
| System control number | (BD-RjUL)69570 |
| 040 ## - CATALOGING SOURCE | |
| Original cataloging agency | UKM |
| Transcribing agency | UKM |
| Modifying agency | BD-RjUL |
| Language of cataloging | eng |
| 041 ## - LANGUAGE CODE | |
| Language code of text/sound track or separate title | eng |
| 082 00 - DEWEY DECIMAL CLASSIFICATION NUMBER | |
| Classification number | 571.835 |
| Edition number | 23 |
| Author mark and year | CEL 2000 |
| 245 00 - TITLE STATEMENT | |
| Title | Cell polarity / |
| Statement of responsibility, etc. | edited by David G. Drubin. |
| 260 ## - PUBLICATION, DISTRIBUTION, ETC. (IMPRINT) | |
| Place of publication, distribution, etc. | Oxford ; |
| -- | New York : |
| Name of publisher, distributor, etc. | Oxford University Press, |
| Date of publication, distribution, etc. | 2000. |
| 300 ## - PHYSICAL DESCRIPTION | |
| Pagination | xxi, 320 p. : |
| Illustrations | ill. ; |
| Size | 26 cm. |
| 490 ## - SERIES STATEMENT | |
| Series statement | Frontiers in molecular biology ; |
| Volume/sequential designation | 28 |
| 504 ## - BIBLIOGRAPHY, ETC. NOTE | |
| Bibliography, etc | Includes bibliographical references and index. |
| 650 #0 - SUBJECT ADDED ENTRY--TOPICAL TERM | |
| Topical term or geographic name as entry element | Cell differentiation. |
| 9 (RLIN) | 205485 |
| Topical term or geographic name as entry element | Polarity (Biology) |
| 9 (RLIN) | 205484 |
| Topical term or geographic name as entry element | Cell differentiation. |
| 9 (RLIN) | 205485 |
| Topical term or geographic name as entry element | Polarity (Biology) |
| 9 (RLIN) | 205484 |
| 700 1# - ADDED ENTRY--PERSONAL NAME | |
| Personal name | Drubin, David G. |
| 856 42 - ELECTRONIC LOCATION AND ACCESS | |
| Materials specified | Publisher description |
| Uniform Resource Identifier | <a href="http://www.loc.gov/catdir/enhancements/fy0611/00703242-d.html">http://www.loc.gov/catdir/enhancements/fy0611/00703242-d.html</a> |
| Materials specified | Table of contents only |
| Uniform Resource Identifier | <a href="http://www.loc.gov/catdir/enhancements/fy0611/00703242-t.html">http://www.loc.gov/catdir/enhancements/fy0611/00703242-t.html</a> |
| 942 ## - ADDED ENTRY ELEMENTS (KOHA) | |
| Source of classification or shelving scheme | Dewey Decimal Classification |
| Koha item type | Books |
| Lost status | Source of classification or shelving scheme | Damaged status | Not for loan | Collection code | Permanent Location | Current Location | Shelving location | Date acquired | Source of acquisition | Cost, normal purchase price | Total Checkouts | Full call number | Date last seen | Copy number | Koha item type |
|---|---|---|---|---|---|---|---|---|---|---|---|---|---|---|---|
| Dewey Decimal Classification | Not For Loan | Non-fiction | Central Library, University of Rajshahi | Central Library, University of Rajshahi | Reading Room | 19/06/2013 | Space marketing comm., Dhaka | 9100.00 | 571.835 CEL 2000 | 11/04/2017 | C-1 | Books |